000 00676nam a2200241Ia 4500
003 OSt
005 20220918213825.0
006 a|||||r|||| 00| 0
007 ta
008 220917b |||||||| |||| 00| 0 eng d
024 _a134,467
037 _cTextual
040 _aARTS
_cARTS
_beng
041 _2eng
_aeng
082 _aX:75.1(Y:4), M4
100 _aGhosh Pradip K ed
_997902
245 0 _aIndustrialization and development
_b a third world perspective
260 _aLondon
_bGreenwood Press
_c1984
300 _axxviii,566p.
_ccm.
650 _aECONOMICS
942 _hX:75.1(Y:4), M4
_cTEXL
_2CC
999 _c257568
_d257568